[Event "AS04 & BSF"]
[Site "Copenhagen"]
[Date "1984.??.??"]
[Round "1"]
[White "Berg, Klaus"]
[Black "Hansen, Curt"]
[Result "1/2-1/2"]
[WhiteElo "2375"]
[BlackElo "2505"]

1. e4 Nf6 2. e5 Nd5 3. c4 Nb6 4. b3 d6 5. exd6 Qxd6 6. d4 Nc6 7. Bb2
Bf5 8. Be2 Qg6 9. Nf3 e6 10. Nh4 Qf6 11. Nxf5 exf5 12. Bf3 O-O-O 13.
Bxc6 bxc6 14. O-O Bc5 15. Qf3 Bxd4 16. Nc3 Nd7 17. Rad1 Ne5 18. Qh3 c5
19. Rxd4 cxd4 20. Nd5 Qe6 21. Bxd4 Nc6 22. Bxg7 Rhg8 1/2-1/2

[Event "AS04 & BSF"]
[Site "Copenhagen"]
[Date "1984.??.??"]
[Round "1"]
[White "Hoi, Carsten"]
[Black "Bilek, Iwan"]
[Result "1/2-1/2"]
[WhiteElo "2380"]
[BlackElo "2410"]

1. d4 g6 2. c4 Bg7 3. Nc3 d6 4. e4 Nf6 5. f3 Nc6 6. Be3 a6 7. Nge2 Rb8
8. Qd2 h5 9. Nc1 e5 10. d5 Nd4 11. Nb3 Nxb3 12. axb3 c5 13. Bd3 h4 14.
Bg5 Qb6 15. Bc2 Nd7 16. O-O Qc7 17. Bd3 Bf6 18. Be3 Qd8 19. Rf2 O-O
20. Raf1 Bg7 21. g3 Nf6 22. Bg5 hxg3 23. hxg3 Qd7 24. Rh2 Nh7 25. Bh6
f6 26. Kg2 Bxh6 27. Qxh6 Qg7 28. Rfh1 Ng5 29. f4 Nf7 30. Qxg7+ Kxg7
31. Rh7+ Kg8 32. f5 b6 33. fxg6 Ng5 34. Rc7 Rd8 35. Be2 Rb7 36. Rxb7
Bxb7 37. Bg4 b5 38. cxb5 axb5 39. Nxb5 Ba6 40. Nc3 Rb8 41. Ra1 Bc8 42.
Bxc8 Rxc8 43. Ra6 Rb8 44. Rxd6 Kg7 45. Rc6 Rxb3 46. Rxc5 Rxb2+ 47. Kf1
Rd2 1/2-1/2

[Event "AS04 & BSF"]
[Site "Copenhagen"]
[Date "1984.??.??"]
[Round "1"]
[White "Iskov, Gert"]
[Black "Lengyel, Levente"]
[Result "1/2-1/2"]
[WhiteElo "2360"]
[BlackElo "2400"]

1. e4 e5 2. Nf3 Nc6 3. Bb5 a6 4. Ba4 Nf6 5. O-O Be7 6. Bxc6 dxc6 7. d3
Nd7 8. Nbd2 O-O 9. Nc4 f6 10. Nh4 Nc5 11. Nf5 Bxf5 12. exf5 Qd5 13. Qg4
e4 14. Ne3 Qe5 15. Nc4 Qd5 16. Ne3 Qe5 17. Nc4 1/2-1/2

[Event "AS04 & BSF"]
[Site "Copenhagen"]
[Date "1984.??.??"]
[Round "1"]
[White "Kristiansen, Jens"]
[Black "Chernin, Alexander"]
[Result "0-1"]
[WhiteElo "2445"]
[BlackElo "2475"]

1. e4 e6 2. d4 d5 3. Nc3 Nf6 4. e5 Nfd7 5. Nce2 c5 6. c3 Qa5 7. f4 b5
8. dxc5 b4 9. a3 Bxc5 10. cxb4 Bxb4+ 11. Bd2 Bxd2+ 12. Qxd2 Qb6 13. Nd4
Ba6 14. Bxa6 Qxa6 15. Rc1 O-O 16. Ngf3 Nb6 17. f5 Nc4 18. Qf2 Nd7 19.
O-O Qb6 20. Rce1 Nc5 21. Kh1 Ne4 22. Qh4 Nxe5 23. Nxe6 fxe6 24. Nxe5
Qxb2 25. Ng6 hxg6 26. fxg6 Rxf1+ 27. Rxf1 Nf6 28. h3 Rd8 0-1

[Event "AS04 & BSF"]
[Site "Copenhagen"]
[Date "1984.??.??"]
[Round "1"]
[White "Sveshnikov, Evgeny"]
[Black "Korzubov, Peter"]
[Result "1/2-1/2"]
[WhiteElo "2530"]
[BlackElo "2460"]

1. e4 e6 2. d4 d5 3. e5 c5 4. c3 Qb6 5. Nf3 Bd7 6. a3 Bb5 7. c4 Bxc4
8. Bxc4 dxc4 9. Nbd2 Qa6 10. Qe2 Nd7 11. Nxc4 Nb6 12. Nxb6 axb6 13. Be3
Qxe2+ 14. Kxe2 Nh6 15. Bxh6 gxh6 16. Rhd1 1/2-1/2

[Event "AS04 & BSF"]
[Site "Copenhagen"]
[Date "1984.??.??"]
[Round "2"]
[White "Bilek, Iwan"]
[Black "Berg, Klaus"]
[Result "1/2-1/2"]
[WhiteElo "2410"]
[BlackElo "2375"]

1. Nf3 Nf6 2. g3 g6 3. Bg2 Bg7 4. O-O O-O 5. d4 c5 6. c4 cxd4 7. Nxd4
Nc6 8. Nc3 Ng4 9. e3 d6 10. h3 Nxd4 11. exd4 Nh6 1/2-1/2

[Event "AS04 & BSF"]
[Site "Copenhagen"]
[Date "1984.??.??"]
[Round "2"]
[White "Chernin, Alexander"]
[Black "Sveshnikov, Evgeny"]
[Result "1/2-1/2"]
[WhiteElo "2475"]
[BlackElo "2530"]

1. g3 d5 2. Bg2 c6 3. Nf3 Nf6 4. b3 Bf5 5. Bb2 e6 6. O-O Be7 7. d3 h6
8. Nbd2 O-O 9. c4 Nbd7 10. a3 a5 11. Qc2 Re8 12. Bc3 Bd6 13. b4 axb4
14. axb4 e5 15. Rxa8 Qxa8 16. e4 dxe4 17. Nxe4 Nxe4 18. dxe4 Be6
1/2-1/2

[Event "AS04 & BSF"]
[Site "Copenhagen"]
[Date "1984.??.??"]
[Round "2"]
[White "Korzubov, Peter"]
[Black "Hoi, Carsten"]
[Result "1-0"]
[WhiteElo "2460"]
[BlackElo "2380"]

1. e4 d6 2. d4 Nf6 3. Nc3 g6 4. Bg5 h6 5. Bf4 Bg7 6. Qd2 Nc6 7. Bb5 Bd7
8. Nge2 a6 9. Bxc6 bxc6 10. O-O Qb8 11. Rab1 a5 12. Ng3 h5 13. e5 Nd5
14. Nxd5 cxd5 15. exd6 cxd6 16. h4 O-O 17. Bh6 f6 18. Bxg7 Kxg7 19.
Rfe1 Re8 20. Re3 e5 21. Rb3 Qc8 22. dxe5 Rxe5 23. f4 Re8 24. Rd3 Bc6
25. f5 Re5 26. Rf1 Rb8 27. fxg6 Bb5 28. Rc3 Qg4 29. Rc7+ Kxg6 30. Rxf6+
Kxf6 31. Qf2+ Rf5 32. Nxf5 Qd1+ 33. Kh2 Qe2 34. Qg3 Qe5 35. Nxd6 Qxg3+
36. Kxg3 Be2 37. Kf2 Bg4 38. Rb7 Rd8 39. Rb6 Ke7 40. Nb5 d4 41. Ke1 d3
42. cxd3 Rxd3 43. Nc3 Re3+ 44. Kf2 Rd3 45. Rb5 Rd2+ 46. Kg3 Ke6 1-0

[Event "AS04 & BSF"]
[Site "Copenhagen"]
[Date "1984.??.??"]
[Round "3"]
[White "Berg, Klaus"]
[Black "Korzubov, Peter"]
[Result "1/2-1/2"]
[WhiteElo "2375"]
[BlackElo "2460"]

1. d4 Nf6 2. Nf3 e6 3. c4 d5 4. Nc3 Bb4 5. Bg5 h6 6. Bxf6 Qxf6 7. cxd5
exd5 8. e3 O-O 9. Qb3 c5 10. dxc5 Bxc3+ 11. Qxc3 Qxc3+ 12. bxc3 Be6
13. Nd4 Rc8 14. c4 Rxc5 15. Nxe6 fxe6 16. cxd5 exd5 17. Be2 Nd7 18. Kd2
Nf6 19. f3 Rac8 20. Rhc1 Kf7 21. Rxc5 Rxc5 22. g4 Ra5 23. Bd1 Ra3 24.
Bb3 a5 25. e4 a4 26. Bxd5+ Nxd5 27. exd5 Rxf3 28. Rb1 Rh3 1/2-1/2

[Event "AS04 & BSF"]
[Site "Copenhagen"]
[Date "1984.??.??"]
[Round "3"]
[White "Hansen, Curt"]
[Black "Bilek, Iwan"]
[Result "0-1"]
[WhiteElo "2505"]
[BlackElo "2410"]

1. d4 g6 2. Nf3 Bg7 3. c4 d6 4. Nc3 Bg4 5. e3 Nf6 6. Be2 O-O 7. h3 Bf5
8. O-O c5 9. Re1 Nc6 10. d5 Nb4 11. Ng5 Bc2 12. Qd2 h6 13. Nxf7 Rxf7
14. a3 Bf5 15. axb4 cxb4 16. Nb5 Ne4 17. Qxb4 Qd7 18. f4 Bxh3 19. Bf3
Ng5 20. Ra2 Nxf3+ 21. gxf3 g5 22. b3 gxf4 23. exf4 a6 24. Be3 Kh8 25.
Nd4 Rg8 26. Kh2 Bf6 27. Rg1 Rfg7 28. Rxg7 Rxg7 29. Qe1 Qe8 30. Ne2 Qh5
31. Ng3 Qh4 0-1

[Event "AS04 & BSF"]
[Site "Copenhagen"]
[Date "1984.??.??"]
[Round "3"]
[White "Hoi, Carsten"]
[Black "Chernin, Alexander"]
[Result "0-1"]
[WhiteElo "2380"]
[BlackElo "2475"]

1. d4 Nf6 2. c4 e6 3. Nc3 Bb4 4. e3 c5 5. Bd3 Nc6 6. Nge2 cxd4 7. exd4
d5 8. O-O dxc4 9. Bxc4 O-O 10. Bg5 Be7 11. a3 a6 12. Rc1 b5 13. Ba2 Bb7
14. Qd3 Ne5 15. Qh3 Nc4 16. Bxc4 bxc4 17. Rfd1 Qa5 18. Bf4 Rac8 19. Be5
Nd7 20. Bf4 Rfd8 21. Qg3 Nf8 22. Bd2 Qh5 23. Qe3 Qh4 24. Qf4 Ng6 25.
Qg3 Qh5 26. Nf4 Qf5 27. Nxg6 hxg6 28. Bf4 g5 29. Be3 g4 30. Ne2 f6 31.
Qf4 Qh5 32. Qg3 Kf7 33. Nf4 Qf5 34. h3 g5 35. Ne2 gxh3 36. Qxh3 Qxh3
37. gxh3 Bf3 38. Rd2 Rh8 39. Ng3 Rxh3 40. Rdc2 Rch8 0-1

[Event "AS04 & BSF"]
[Site "Copenhagen"]
[Date "1984.??.??"]
[Round "3"]
[White "Kristiansen, Jens"]
[Black "Lengyel, Levente"]
[Result "1-0"]
[WhiteElo "2445"]
[BlackElo "2400"]

1. e4 e5 2. Nf3 Nc6 3. Bb5 a6 4. Ba4 Nf6 5. O-O Be7 6. Re1 b5 7. Bb3 d6
8. a4 b4 9. a5 O-O 10. c3 Rb8 11. Bc4 Bb7 12. d3 h6 13. Nbd2 bxc3 14.
bxc3 Qd7 15. Qb3 Bc8 16. Qa2 Bd8 17. Nf1 Ne7 18. d4 Ng6 19. Ng3 exd4
20. cxd4 c6 21. Bd3 Ne7 22. Qe2 Ne8 23. Bd2 Nc7 24. Rac1 Rb2 25. Bb1 c5
26. d5 Ng6 27. Qe3 Nb5 28. Qd3 Bb7 29. h3 Bf6 30. Nh5 Qe7 31. Rc2 Rxc2
32. Bxc2 Re8 33. Ba4 Ne5 34. Nxf6+ Qxf6 35. Nxe5 Qxe5 36. Bxb5 axb5
37. Qxb5 Ba8 38. Bf4 1-0

[Event "AS04 & BSF"]
[Site "Copenhagen"]
[Date "1984.??.??"]
[Round "3"]
[White "Sveshnikov, Evgeny"]
[Black "Iskov, Gert"]
[Result "0-1"]
[WhiteElo "2530"]
[BlackElo "2360"]

1. e4 c5 2. c3 g6 3. d4 cxd4 4. cxd4 d5 5. exd5 Nf6 6. Nc3 Nxd5 7. Bc4
Nb6 8. Bb3 Bg7 9. Nge2 O-O 10. O-O Nc6 11. d5 Na5 12. Be3 Nac4 13. Nd4
Qd6 14. Qe2 Nxe3 15. fxe3 Bd7 16. Rad1 Rad8 17. Ne6 Be5 18. h3 fxe6
19. Rxf8+ Kxf8 20. dxe6 Qc7 21. Qf3+ Bf6 22. Nd5 Nxd5 23. Qxd5 Qd6 24.
Qxb7 Qg3 25. exd7 Kg7 26. Qf3 Qxf3 27. gxf3 Bxb2 28. Ba4 Ba3 29. Rd5
Bb4 30. Kf2 Kf6 31. Rb5 a5 32. Rb7 e6 33. Rc7 Ke7 34. Rc8 Bd6 35. Ke2
g5 36. Kd3 h6 37. Bc6 Bb4 0-1

[Event "AS04 & BSF"]
[Site "Copenhagen"]
[Date "1984.??.??"]
[Round "4"]
[White "Chernin, Alexander"]
[Black "Berg, Klaus"]
[Result "1-0"]
[WhiteElo "2475"]
[BlackElo "2375"]

1. d4 Nf6 2. Nf3 c5 3. d5 g6 4. Nc3 Bg7 5. e4 O-O 6. Be2 d6 7. O-O Na6
8. a4 Nc7 9. Bf4 Bg4 10. Qd2 a6 11. h3 Bxf3 12. Bxf3 Nd7 13. Be2 Rb8
14. Bh6 Bxh6 15. Qxh6 e6 16. dxe6 fxe6 17. Rad1 Ne5 18. Qd2 Nf7 19. a5
Ne8 20. Bc4 Ng7 21. f4 Qe7 22. Na4 Kh8 23. Nb6 Rbd8 24. Qc3 h5 25. b4
d5 26. exd5 cxb4 27. d6 Qxd6 28. Rxd6 bxc3 29. Rd3 Rxd3 30. Bxd3 Nf5
31. Rb1 Rd8 32. Na4 Rd4 33. Nxc3 N7d6 34. Re1 Rxf4 35. Rxe6 Kg7 36. Ne4
Nxe4 37. Bxe4 Nd4 38. Rxg6+ Kf7 39. Bd3 Nc6 40. Rh6 Nxa5 41. Rxh5 Ra4
42. g4 Kg8 43. Rc5 Nc6 44. Bc4+ Kg7 45. Bd5 Ra5 46. Rxa5 Nxa5 47. Kf2
Kf6 48. h4 Ke5 49. h5 1-0

[Event "AS04 & BSF"]
[Site "Copenhagen"]
[Date "1984.??.??"]
[Round "4"]
[White "Iskov, Gert"]
[Black "Hoi, Carsten"]
[Result "1/2-1/2"]
[WhiteElo "2360"]
[BlackElo "2380"]

1. e4 g6 2. d4 Bg7 3. Nf3 d6 4. Be2 Nf6 5. Nc3 O-O 6. O-O a6 7. Bg5 h6
8. Bh4 g5 9. Bg3 Nh5 10. h4 Nxg3 11. fxg3 gxh4 12. gxh4 e6 13. Qe1 Nd7
14. Rd1 Qe7 15. Bd3 c5 16. dxc5 dxc5 17. Qe3 b5 18. e5 Bb7 19. Be4 Bxe4
20. Nxe4 Rad8 21. Rxd7 Rxd7 22. Nf6+ Bxf6 23. exf6 Qxf6 24. Ne5 Qd8
25. Nxd7 Qxd7 26. Qxh6 Qd4+ 27. Kh2 Qg7 28. Qe3 c4 29. Rf3 Kh7 30. Rg3
Qh6 31. Qf3 Kh8 32. Kh3 f6 33. Qc6 Qc1 34. Kh2 e5 35. Qe6 Qh6 36. Qf5
1/2-1/2

[Event "AS04 & BSF"]
[Site "Copenhagen"]
[Date "1984.??.??"]
[Round "4"]
[White "Korzubov, Peter"]
[Black "Hansen, Curt"]
[Result "1/2-1/2"]
[WhiteElo "2460"]
[BlackElo "2505"]

1. d4 Nf6 2. c4 e6 3. Nc3 Bb4 4. e3 b6 5. Nge2 Ne4 6. Qc2 Bb7 7. a3
Bxc3+ 8. Nxc3 Nxc3 9. Qxc3 O-O 10. f3 Qh4+ 11. Ke2 f5 12. g3 Qh5 13.
Bg2 d6 14. Kf2 Nd7 15. Rf1 c5 16. Kg1 cxd4 17. exd4 Rac8 18. Bf4 d5
19. Qe3 dxc4 20. Qxe6+ Qf7 21. Rfe1 Rfe8 1/2-1/2

[Event "AS04 & BSF"]
[Site "Copenhagen"]
[Date "1984.??.??"]
[Round "4"]
[White "Lengyel, Levente"]
[Black "Bilek, Iwan"]
[Result "1/2-1/2"]
[WhiteElo "2400"]
[BlackElo "2410"]

1. e4 e5 2. Nf3 Nc6 3. d4 exd4 4. Nxd4 Nf6 5. Nc3 Bb4 6. Nxc6 bxc6 7.
Bd3 d5 8. exd5 Qe7+ 9. Qe2 Nxd5 10. Qxe7+ Kxe7 11. Bd2 Nxc3 12. Bxc3
1/2-1/2

[Event "AS04 & BSF"]
[Site "Copenhagen"]
[Date "1984.??.??"]
[Round "5"]
[White "Berg, Klaus"]
[Black "Iskov, Gert"]
[Result "1-0"]
[WhiteElo "2375"]
[BlackElo "2360"]

1. Nf3 c5 2. e3 g6 3. d4 Bg7 4. Be2 Nf6 5. O-O O-O 6. c4 Na6 7. Nc3 d6
8. b3 Bd7 9. Bb2 b6 10. Qd2 Nc7 11. Rfe1 a6 12. Bf1 Rb8 13. h3 Qc8 14.
d5 Bh6 15. Qc2 b5 16. e4 bxc4 17. bxc4 Nh5 18. Rad1 f6 19. Ba1 Nf4 20.
Kh2 g5 21. Ng1 Ng6 22. Rb1 Rxb1 23. Rxb1 Bg7 24. Na4 Bxa4 25. Qxa4 f5
26. Bxg7 Kxg7 27. Be2 Ne5 28. Nf3 Nxf3+ 29. Bxf3 g4 30. Be2 gxh3 31. e5
dxe5 32. Qa3 f4 33. Qxc5 Qf5 34. Rb3 hxg2 35. Qxc7 e4 36. f3 Qg5 37.
Kg1 e3 38. Qd7 Rf5 39. Rb7 Re5 40. d6 Qg3 41. Qg4+ Qxg4 42. fxg4 f3
43. d7 1-0

[Event "AS04 & BSF"]
[Site "Copenhagen"]
[Date "1984.??.??"]
[Round "5"]
[White "Hansen, Curt"]
[Black "Chernin, Alexander"]
[Result "1/2-1/2"]
[WhiteElo "2505"]
[BlackElo "2475"]

1. c4 Nf6 2. Nf3 b6 3. Nc3 Bb7 4. d4 e6 5. a3 d5 6. cxd5 exd5 7. g3 c5
8. Bg2 Be7 9. Bg5 O-O 10. O-O Na6 11. dxc5 Nxc5 12. Rc1 Ne6 13. Qd3 d4
14. Bxf6 Bxf6 15. Ne4 Bxe4 16. Qxe4 Nc5 17. Qc2 d3 18. exd3 Qxd3 19. b4
1/2-1/2

[Event "AS04 & BSF"]
[Site "Copenhagen"]
[Date "1984.??.??"]
[Round "5"]
[White "Hoi, Carsten"]
[Black "Kristiansen, Jens"]
[Result "1-0"]
[WhiteElo "2380"]
[BlackElo "2445"]

1. d4 Nf6 2. c4 g6 3. Nc3 Bg7 4. e4 d6 5. f3 O-O 6. Be3 e5 7. Nge2 c6
8. Qd2 Nbd7 9. O-O-O a6 10. h4 h5 11. g4 b5 12. Ng3 exd4 13. Bxd4 b4
14. Nb1 c5 15. Be3 hxg4 16. h5 Re8 17. Bh6 Bh8 18. hxg6 fxg6 19. f4 Qe7
20. Qxd6 Bb7 21. Qxe7 Rxe7 22. Bd3 Nb6 23. Bg5 Re6 24. Rh6 Nfd7 25. e5
Nf8 26. Nd2 Nbd7 27. Be4 Bxe4 28. Ndxe4 Ra7 29. Rh4 Rc6 30. Rxg4 Ne6
31. Bf6 Nxf6 32. exf6 Kf7 33. f5 Nf8 34. fxg6+ Nxg6 35. Nd6+ Kxf6 36.
Nge4+ 1-0

[Event "AS04 & BSF"]
[Site "Copenhagen"]
[Date "1984.??.??"]
[Round "5"]
[White "Sveshnikov, Evgeny"]
[Black "Lengyel, Levente"]
[Result "1/2-1/2"]
[WhiteElo "2530"]
[BlackElo "2400"]

1. e4 e5 2. Nf3 Nc6 3. d4 exd4 4. Bc4 Nf6 5. e5 d5 6. Bb5 Ne4 7. Nxd4
Bd7 8. Bxc6 bxc6 9. O-O Bc5 10. f3 Ng5 11. f4 Ne4 12. Be3 O-O 13. Nd2
f6 14. Nxe4 dxe4 15. Qe2 Qe7 16. Qc4+ Kh8 17. Rae1 fxe5 18. Nxc6 Bxe3+
19. Rxe3 Qe8 20. Nxe5 Bb5 21. Ng6+ Qxg6 22. Qxb5 Rab8 23. Qc5 Qd6 24.
Qxd6 cxd6 25. b3 d5 26. Rd1 Rbc8 27. c3 Rf5 28. Rd4 h6 29. c4 dxc4 30.
Rxc4 Rxc4 31. bxc4 Rxf4 32. g3 Rf5 33. Rxe4 Kg8 34. Kg2 Ra5 35. Re2 Ra3
36. Rc2 Kf7 37. Kh3 Ke6 38. c5 Kd7 39. Kg4 g6 40. Rd2+ Kc7 41. h4 Ra4+
42. Kh3 Ra5 43. Rf2 h5 44. Kg2 Kd7 45. Re2 Ra3 46. Kh3 Ra6 47. Kh2 Ra5
48. Rd2+ Ke6 49. Rc2 Kd7 50. Kh3 Kc7 51. Kg2 Ra3 52. Rf2 Ra6 53. Rf7+
Kd8 54. Rf2 Kd7 55. Kh3 Ke6 56. Rc2 Kd7 57. Re2 Rc6 58. Rc2 Ra6 59.
Rd2+ Ke6 60. Kg2 Ra5 61. Rd6+ Kf5 62. Rd5+ Ke6 63. Rd6+ Kf5 64. c6
Rxa2+ 65. Kf3 Rc2 66. Ke3 a5 67. Kd4 a4 68. Rd5+ Ke6 1/2-1/2

[Event "AS04 & BSF"]
[Site "Copenhagen"]
[Date "1984.??.??"]
[Round "6"]
[White "Chernin, Alexander"]
[Black "Bilek, Iwan"]
[Result "1-0"]
[WhiteElo "2475"]
[BlackElo "2410"]

1. d4 Nf6 2. g3 g6 3. Bg2 Bg7 4. e4 d6 5. Nc3 Nbd7 6. h3 e5 7. Be3 O-O
8. Nge2 Qe7 9. O-O Rd8 10. Re1 c6 11. a4 b6 12. Qd2 Bb7 13. f4 a6 14.
g4 exf4 15. Nxf4 h6 16. Nd3 Kh7 17. Qf2 Ne8 18. Rf1 Kg8 19. Rae1 Nc7
20. e5 d5 21. a5 Ne6 22. Nf4 bxa5 23. Nxe6 fxe6 24. Qd2 c5 25. Bxh6
cxd4 26. Ne2 Bxe5 27. Nxd4 Re8 28. c3 Kh7 29. Re2 Qh4 30. Rf7+ Kg8 31.
Rxd7 1-0

[Event "AS04 & BSF"]
[Site "Copenhagen"]
[Date "1984.??.??"]
[Round "6"]
[White "Iskov, Gert"]
[Black "Hansen, Curt"]
[Result "0-1"]
[WhiteElo "2360"]
[BlackElo "2505"]

1. e4 c5 2. Nf3 d6 3. d4 cxd4 4. Nxd4 Nf6 5. Nc3 a6 6. Be2 e6 7. f4 Be7
8. O-O O-O 9. Kh1 Qc7 10. a4 Nc6 11. Be3 Rd8 12. Qe1 Nxd4 13. Bxd4 e5
14. Be3 exf4 15. Rxf4 Be6 16. Qg3 d5 17. exd5 Nxd5 18. Nxd5 Rxd5 19.
Bd3 Bd6 20. Qh4 Rxd3 21. cxd3 Bxf4 22. Bxf4 Qc2 23. Qg3 Bf5 24. Be5 Bg6
25. Bc3 Qxd3 26. Qc7 Re8 27. Qxb7 Be4 28. Qb6 Qe2 29. Rg1 h5 30. h3 Re6
31. Qd8+ Kh7 32. Qd2 Bc6 33. Re1 Bxg2+ 34. Kh2 Qxd2 35. Bxd2 Rg6 36.
Re2 Bc6 37. Rf2 Re6 38. Bc3 f6 39. a5 Re3 40. Bd4 Rd3 41. Bc3 Bd7 42.
Rd2 Rxh3+ 43. Kg2 Bg4 44. Rd6 Re3 45. Rxa6 h4 46. Rd6 h3+ 47. Kh2 Re2+
48. Kg3 Rg2+ 0-1

[Event "AS04 & BSF"]
[Site "Copenhagen"]
[Date "1984.??.??"]
[Round "6"]
[White "Kristiansen, Jens"]
[Black "Berg, Klaus"]
[Result "1-0"]
[WhiteElo "2445"]
[BlackElo "2375"]

1. e4 c6 2. d4 d5 3. exd5 cxd5 4. c4 Nf6 5. Nc3 e6 6. Nf3 Bb4 7. cxd5
Nxd5 8. Qb3 Nc6 9. Bd3 Be7 10. O-O O-O 11. a3 Nxc3 12. bxc3 b6 13. Qb5
Bb7 14. Qh5 f5 15. Bc4 Qc8 16. Bg5 Rf7 17. Ba2 Nd8 18. Ne5 Bxg5 19.
Qxg5 Rf6 20. Rfe1 h6 21. Qh5 Qxc3 22. Qe8+ Rf8 23. Bxe6+ Nxe6 24. Qxe6+
Kh7 25. Qg6+ Kg8 26. Rac1 Qd2 27. Qe6+ Kh7 28. Nd7 Qxd4 29. Nxf8+ Rxf8
30. Qe5 Qg4 31. Qg3 Qxg3 32. hxg3 Rf7 33. Re6 Rd7 34. Rce1 Bd5 35. Re7
Rxe7 36. Rxe7 a5 37. Re5 Bc4 38. Rxf5 b5 39. Rc5 a4 40. f4 Kg6 41. Kf2
Kf6 42. g4 Ke6 43. Ke3 1-0

[Event "AS04 & BSF"]
[Site "Copenhagen"]
[Date "1984.??.??"]
[Round "6"]
[White "Lengyel, Levente"]
[Black "Korzubov, Peter"]
[Result "1/2-1/2"]
[WhiteElo "2400"]
[BlackElo "2460"]

1. d4 Nf6 2. c4 e6 3. Nf3 b6 4. g3 Bb7 5. Bg2 Be7 6. O-O O-O 7. Nc3 Ne4
8. Nxe4 Bxe4 9. Nh4 Bxg2 10. Nxg2 d5 11. Qa4 dxc4 12. Qxc4 c5 13. Be3
Nd7 14. Rfd1 Qc8 15. dxc5 Bxc5 16. Rac1 Bxe3 17. Nxe3 Nf6 1/2-1/2

[Event "AS04 & BSF"]
[Site "Copenhagen"]
[Date "1984.??.??"]
[Round "6"]
[White "Sveshnikov, Evgeny"]
[Black "Hoi, Carsten"]
[Result "1-0"]
[WhiteElo "2530"]
[BlackElo "2380"]

1. e4 d6 2. d4 Nf6 3. Nc3 g6 4. Be3 Bg7 5. Qd2 O-O 6. O-O-O Nc6 7. f3
e5 8. d5 Nd4 9. Nge2 c5 10. dxc6 bxc6 11. Nxd4 exd4 12. Bxd4 Be6 13.
Be3 Qa5 14. Qxd6 Nd7 15. Rd4 Nc5 16. Rc4 Bxc4 17. Bxc4 Nb7 18. Qxc6
Bxc3 19. bxc3 Qa3+ 20. Kd2 Rfd8+ 21. Bd4 Na5 22. Qc7 Nxc4+ 23. Qxc4
Rac8 24. Qd3 Qxa2 25. h4 Qa5 26. Ke2 h5 27. Rb1 Qc7 28. Qe3 Qg3 29. Qg5
Qxg5 30. hxg5 Ra8 31. g4 Kf8 32. gxh5 gxh5 33. Rh1 Ke8 34. Rxh5 a5 35.
Bb6 Rdc8 36. g6 a4 37. g7 Kd7 38. Bc5 a3 39. Bf8 a2 40. g8=Q Rxf8 41.
Qg4+ Kc6 42. Qf5 1-0

[Event "AS04 & BSF"]
[Site "Copenhagen"]
[Date "1984.??.??"]
[Round "7"]
[White "Bilek, Iwan"]
[Black "Iskov, Gert"]
[Result "1-0"]
[WhiteElo "2410"]
[BlackElo "2360"]

1. d4 Nf6 2. Nf3 c5 3. d5 g6 4. Nc3 Bg7 5. e4 O-O 6. Be2 d6 7. O-O Na6
8. h3 Nc7 9. a4 a6 10. Bf4 Bd7 11. e5 dxe5 12. Nxe5 b5 13. Bf3 Rc8 14.
axb5 axb5 15. Nxd7 Nxd7 16. d6 exd6 17. Bxd6 Ne5 18. Bxf8 Qxf8 19. Ra7
b4 20. Nd5 Nxf3+ 21. Qxf3 Nxd5 22. Qxd5 Bxb2 23. Re1 Bf6 24. Qf3 Kg7
25. Re6 Qd8 26. g4 g5 27. h4 h6 28. h5 1-0

[Event "AS04 & BSF"]
[Site "Copenhagen"]
[Date "1984.??.??"]
[Round "7"]
[White "Hoi, Carsten"]
[Black "Lengyel, Levente"]
[Result "1/2-1/2"]
[WhiteElo "2380"]
[BlackElo "2400"]

1. d4 Nf6 2. Nc3 d5 3. Bg5 Nbd7 4. e3 e6 5. Bd3 Be7 6. Nf3 c5 7. O-O
O-O 8. Re1 b6 9. e4 dxe4 10. Nxe4 cxd4 11. Nxd4 Bb7 12. Qe2 Nxe4 13.
Bxe7 Qxe7 14. Bxe4 Bxe4 15. Qxe4 Nf6 16. Qf3 1/2-1/2

[Event "AS04 & BSF"]
[Site "Copenhagen"]
[Date "1984.??.??"]
[Round "7"]
[White "Korzubov, Peter"]
[Black "Chernin, Alexander"]
[Result "1/2-1/2"]
[WhiteElo "2460"]
[BlackElo "2475"]

1. e4 e6 2. d4 d5 3. Nd2 dxe4 4. Nxe4 Nd7 5. Bd3 Ngf6 6. Bg5 Be7 7.
Bxf6 Nxf6 8. Nxf6+ Bxf6 9. Nf3 c5 10. Bb5+ Bd7 11. Bxd7+ Qxd7 12. dxc5
Qc6 13. c3 Qxc5 14. Qa4+ Qc6 15. Qxc6+ bxc6 1/2-1/2

[Event "AS04 & BSF"]
[Site "Copenhagen"]
[Date "1984.??.??"]
[Round "8"]
[White "Hoi, Carsten"]
[Black "Berg, Klaus"]
[Result "1/2-1/2"]
[WhiteElo "2380"]
[BlackElo "2375"]

1. d4 Nf6 2. Nf3 e6 3. Bg5 c5 4. e3 cxd4 5. exd4 Be7 6. Nbd2 b6 7. Bd3
Bb7 8. c3 d6 9. Bxf6 Bxf6 10. Qe2 Nd7 11. O-O-O a6 12. Kb1 b5 13. Be4
d5 14. Bd3 Qb6 15. Ne5 Bxe5 16. dxe5 b4 17. c4 O-O 18. f4 Nc5 19. Bc2
1/2-1/2

[Event "AS04 & BSF"]
[Site "Copenhagen"]
[Date "1984.??.??"]
[Round "8"]
[White "Iskov, Gert"]
[Black "Korzubov, Peter"]
[Result "1/2-1/2"]
[WhiteElo "2360"]
[BlackElo "2460"]

1. e4 e6 2. d3 c5 3. Nf3 Nc6 4. g3 d5 5. Nbd2 g6 6. Bg2 Bg7 7. O-O Nge7
8. Re1 O-O 9. e5 h6 10. h4 Nf5 11. Nf1 Nfd4 12. N1h2 f5 13. Bf4 Nxf3+
14. Nxf3 b6 15. Qd2 Kh7 16. c3 Qe7 17. d4 cxd4 18. cxd4 Ba6 19. Rec1
Rac8 20. Rc3 Na5 21. Rac1 Nc4 22. Qe2 b5 23. b3 b4 24. R3c2 Na3 25.
Rxc8 Bxe2 26. R1c7 Qxc7 27. Rxc7 Bxf3 28. Bxf3 Nb5 29. Re7 Nxd4 30. Kg2
Rc8 31. Be3 Nxf3 32. Kxf3 Rc6 33. Rxa7 Kg8 34. Bd4 Bf8 35. Ke3 g5 36.
hxg5 hxg5 37. f3 Rc2 38. g4 fxg4 39. fxg4 Rg2 40. Kf3 Rd2 41. Bb6 Rd3+
42. Kf2 Rc3 43. Ra8 Kf7 44. Bd4 Rc2+ 45. Kf3 Be7 46. Ra7 Ke8 47. Ra8+
Kf7 48. Ra7 Ke8 49. Ra8+ 1/2-1/2

[Event "AS04 & BSF"]
[Site "Copenhagen"]
[Date "1984.??.??"]
[Round "8"]
[White "Kristiansen, Jens"]
[Black "Bilek, Iwan"]
[Result "1-0"]
[WhiteElo "2445"]
[BlackElo "2410"]

1. e4 c5 2. Nf3 g6 3. d4 Bg7 4. d5 b5 5. Nbd2 a6 6. a4 b4 7. Bd3 d6 8.
h3 a5 9. O-O Nf6 10. Qe2 O-O 11. Nc4 Ba6 12. Bg5 Nfd7 13. Nfd2 Ra7 14.
Rab1 f6 15. Be3 Ne5 16. Nxe5 fxe5 17. Bxa6 Nxa6 18. Nc4 Nb8 19. f4 Nd7
20. fxe5 Nxe5 21. Rxf8+ Qxf8 22. Rf1 Qe8 23. Nxe5 Bxe5 24. Bh6 Bf6 25.
e5 dxe5 26. Qc4 Rd7 27. Qxc5 Qd8 28. Rd1 Rd6 29. c4 bxc3 30. bxc3 g5
31. h4 gxh4 32. c4 Qe8 33. Rf1 h3 34. g3 Rd8 35. Qb6 Rb8 36. Qe6+ Qf7
37. Qxh3 Kh8 38. Qf5 Qg8 39. Kg2 Rb3 40. Rf3 Rb2+ 41. Rf2 Rb3 42. Rf3
Rb2+ 43. Kh3 Qg6 44. Qxg6 hxg6 45. d6 g5 46. Bf8 e4 47. Bxe7 g4+ 48.
Kxg4 exf3 49. Bxf6+ Kh7 50. Kxf3 Rd2 51. c5 Kg6 52. Bc3 Rd1 53. Ke4 Kf7
54. Bxa5 Ke6 55. Bb6 Rg1 56. Kf4 Rf1+ 57. Kg5 Rf8 58. a5 Ra8 59. g4
Rg8+ 60. Kf4 Rf8+ 61. Kg3 Ra8 62. g5 Kd7 63. Kg4 Ke6 64. g6 Rf8 65. a6
1-0

[Event "AS04 & BSF"]
[Site "Copenhagen"]
[Date "1984.??.??"]
[Round "8"]
[White "Lengyel, Levente"]
[Black "Chernin, Alexander"]
[Result "0-1"]
[WhiteElo "2400"]
[BlackElo "2475"]

1. Nf3 d5 2. d4 c6 3. c4 e6 4. Nbd2 Nf6 5. g3 c5 6. cxd5 exd5 7. dxc5
Bxc5 8. Nb3 Bb6 9. Bg2 O-O 10. O-O Nc6 11. Nbd4 Re8 12. b3 Ne4 13. Bb2
Qf6 14. Rc1 Bg4 15. Ba1 Qh6 16. Nh4 Bxd4 17. Bxd4 Bxe2 18. Be3 Qh5 0-1

[Event "AS04 & BSF"]
[Site "Copenhagen"]
[Date "1984.??.??"]
[Round "8"]
[White "Sveshnikov, Evgeny"]
[Black "Hansen, Curt"]
[Result "1-0"]
[WhiteElo "2530"]
[BlackElo "2505"]

1. e4 c5 2. c3 d5 3. exd5 Qxd5 4. d4 Nc6 5. Nf3 Bg4 6. Be2 cxd4 7. cxd4
e6 8. O-O Nf6 9. Nc3 Qa5 10. h3 Bh5 11. Be3 Be7 12. Qb3 Qb4 13. Qxb4
Bxb4 14. g4 Bg6 15. Ne5 O-O 16. Nxc6 bxc6 17. Rac1 Rfd8 18. Rfd1 Bd6
19. Bd3 Rac8 20. Bxg6 hxg6 21. Rc2 Rc7 22. Rdc1 Rdc8 23. Bd2 Kf8 24.
Nd1 Nd5 25. Ba5 Nb6 26. Ne3 Bf4 27. Rc3 Ke8 28. R1c2 Bxe3 29. fxe3 Nd5
30. Bxc7 Nxc3 31. Rxc3 Rxc7 32. Rc5 Rb7 33. b3 Rb6 34. Ra5 a6 35. Kf2
Kd7 36. h4 f6 37. Ke2 Kd6 38. Kd3 Rb8 39. Rxa6 Rh8 40. b4 Rxh4 41. b5
Rxg4 42. Rxc6+ Kd7 43. a4 Rg2 44. a5 Rb2 45. Rc5 g5 46. b6 Kd6 47. Rc8
g4 48. a6 g3 49. a7 1-0

[Event "AS04 & BSF"]
[Site "Copenhagen"]
[Date "1984.??.??"]
[Round "9"]
[White "Berg, Klaus"]
[Black "Lengyel, Levente"]
[Result "1/2-1/2"]
[WhiteElo "2375"]
[BlackElo "2400"]

1. e4 e5 2. Nc3 Nf6 3. Nf3 Nc6 4. Bb5 Bb4 5. O-O O-O 6. d3 d6 7. Ne2
Ne7 8. c3 Bc5 9. Ng3 Ng6 10. d4 c6 11. Ba4 Bb6 1/2-1/2

[Event "AS04 & BSF"]
[Site "Copenhagen"]
[Date "1984.??.??"]
[Round "9"]
[White "Bilek, Iwan"]
[Black "Sveshnikov, Evgeny"]
[Result "1/2-1/2"]
[WhiteElo "2410"]
[BlackElo "2530"]

1. d4 d5 2. c4 c6 3. Nc3 Nf6 4. cxd5 cxd5 5. Bf4 Nc6 6. e3 Bf5 7. Bd3
Bxd3 8. Qxd3 e6 9. Nf3 Bd6 10. Bxd6 Qxd6 11. O-O O-O 12. Rfc1 Rfc8
1/2-1/2